00527nam a2200169Ia 450000500170000000800410001702000150005808200130007310000210008624500190010726000580012630000130018450000440019794200060024195200950024799900150034220241003013952.0240331s9999 xx 000 0 und d a955580060X bAMIa811 aAmirthanayagam,I 0aCeylon. R.I.P. aColombobInternational Centre for Ethnic Centerc2001 a100 p ., aSelected Poems of Indran Amirthanayagam cL 001040708LaWERCLbWERCLcSSCd2024-03-31l0o 811 AMIp6576r2024-03-31w2024-03-31yL c4999d4999